神奈中バス 系統頭文字 - Statistics

General Stats
  • This quiz has been taken 43 times
  • The average score is 53 of 71
Answer Stats
頭文字 地名・停留所名 % Correct
戸塚
100%
藤沢
100%
いずみ野
100%
平塚
100%
町田
100%
つくし野
100%
伊勢原
97%
海老名
97%
相模原
97%
鶴川
97%
横浜
94%
湘南台
94%
さがみ野
94%
本厚木 / 厚木バスセンター
94%
小田急相模原
94%
大船
91%
長後
91%
茅ヶ崎
91%
二宮
91%
秦野
91%
橋本
91%
上大岡
88%
大和
88%
中山
88%
東戸塚
85%
八王子
85%
多摩センター
85%
南大沢
85%
南町田
85%
大磯
82%
国府津
82%
聖蹟桜ヶ丘
82%
淵野辺
82%
保土ヶ谷
79%
本郷台
79%
辻堂
79%
愛甲石田
79%
中央林間
79%
藤野
76%
永山
76%
相原
76%
金沢八景
73%
田名バスターミナル
73%
瀬谷
73%
相武台前
73%
港南台
70%
相模湖
70%
古淵
70%
高座渋谷
70%
三ツ境
67%
渋沢
67%
鶴間
67%
鴨居
67%
舞岡
64%
下飯田 / 相武台下
58%
井土ヶ谷
55%
六会日大前
55%
鶴巻温泉
55%
三ヶ木
55%
成瀬
55%
津田沼
55%
綾瀬 (旧相鉄綾瀬営業所路線)
55%
東海大学前
52%
善行
45%
立場
45%
桜ヶ丘
39%
弥生台
33%
京王堀之内
33%
原当麻
30%
鶴ヶ峰
21%
黒岩台
12%
No matching quizzes found
Score Distribution
Percent of People with Each Score
Percentile by Number Answered
Your Score History
You have not taken this quiz